000 00284nam a2200109Ia 4500
008 190216s9999||||xx |||||||||||||| ||und||
100 _aJames Stephenson
245 0 _aPrinciples And Practice Of Commerce
260 _bPrentice Hall Of India Pvt Ltd
_c1965
300 _a616p
942 _cBK
999 _c3878
_d3878